000 00694nam a2200229Ii 4500
003 JO-AjNU
008 230605s9999||||xx |||||||||||||| ||und||
017 _a991/6/269
040 _aJO-AjNU
_bara
_erda
_cJO-AjNU
041 _aara
050 1 4 _aBP188.9.A2866 1991
100 3 _aأبو غزالة، حازم نايف,
_eauthor
_941101
245 0 0 _aفقه المقاتل
250 _aط1
264 3 1 _aعمان: دار الامام النووي، 1991
300 _a75ص
336 _atext
_btxt
_2rdacontent
337 _aunmediated
_bn
_2rdamedia
338 _avolume
_bnc
_2rdacarrier
490 0 _aدراسات في التصوف 5
650 4 _aالجهاد- الاسلام
_941102
999 _aA17497
_c21065
_d21065